ბათუმის შოთა რუსთაველის სახელმწიფო უნივერსიტეტის ბიბლიოთეკა

Лесная энциклопедия. т. 2. (ბიბ.ჩანაწერი № 35631)

000 -LEADER
fixed length control field 00549nam a2200205Ia 4500
001 - CONTROL NUMBER
control field 1501
003 - CONTROL NUMBER IDENTIFIER
control field GE_BSU
008 - FIXED-LENGTH DATA ELEMENTS--GENERAL INFORMATION
fixed length control field 181216s||||||||xx |||||||||||||| ||und||
040 ## - CATALOGING SOURCE
Transcribing agency GE_BSU
080 ## - UNIVERSAL DECIMAL CLASSIFICATION NUMBER
Universal Decimal Classification number 630(031)
245 ## - TITLE STATEMENT
Title Лесная энциклопедия. т. 2.
245 ## - TITLE STATEMENT
Remainder of title Лимонник-Ящерицы.
260 ## - PUBLICATION, DISTRIBUTION, ETC.
Place of publication, distribution, etc. Москва
260 ## - PUBLICATION, DISTRIBUTION, ETC.
Name of publisher, distributor, etc. Советская энциклопедия
260 ## - PUBLICATION, DISTRIBUTION, ETC.
Date of publication, distribution, etc. 1986
300 ## - PHYSICAL DESCRIPTION
Extent 631 с. ил. 23 см.
653 ## - INDEX TERM--UNCONTROLLED
Uncontrolled term Лесная энциклопедия.
942 ## - ADDED ENTRY ELEMENTS (KOHA)
Koha item type წიგნი
ეგზემპლარები
Withdrawn status Lost status Damaged status Not for loan Date acquired Barcode Date last seen Price effective from Koha item type
        2018-12-17 2898 2018-12-17 2018-12-17 წიგნი